[Event "Tatarstan-ch"]
[Site "Kazan"]
[Date "2017.09.20"]
[Round "7"]
[White "Murtazin, Ruslan"]
[Black "Sadykov, Mars"]
[Result "1/2-1/2"]
[WhiteElo "2364"]
[BlackElo "2026"]
[PlyCount "171"]
[EventDate "2017.09.15"]
[EventType "swiss"]
[EventRounds "9"]
[EventCountry "RUS"]
[SourceTitle "CBM 180 Extra"]
[Source "ChessBase"]
[SourceDate "2017.10.06"]
[SourceVersion "1"]
[SourceVersionDate "2017.10.06"]
[SourceQuality "1"]

1. e4 c6 2. d4 d5 3. e5 Bf5 4. h4 h5 5. c4 dxc4 6. Bxc4 e6 7. Ne2 Be7 8. Qb3 b5 9. Bd3 Bxd3 10. Qxd3 Nd7 11. Nbc3 Nxe5 12. Qe4 Nd7 13. Qxc6 a6 14. d5 Qc8 15. Qxc8+ Rxc8 16. dxe6 fxe6 17. Nd4 Nc5 18. 0-0 Bxh4 19. b4 Nd3 20. Ne4 Be7 21. Rd1 Nxb4 22. Nxe6 Nf6 23. N4g5 Rg8 24. Bb2 Nbd5 25. Rd3 Rc2 26. Be5 Nb4 27. Rdd1 Ng4 28. Bg3 Bf6 29. Rab1 Nc6 30. Rbc1 Rc4 31. Rxc4 bxc4 32. Rd6 Nd8 33. Rxa6 Nxe6 34. Rxe6+ Kd7 35. Rd6+ Ke7 36. Re6+ Kd7 37. Rd6+ Ke7 38. Ne4 Rc8 39. Rd2 c3 40. Rc2 Bd4 41. Kf1 Ke6 42. Ke2 Kd5 43. Kd3 h4 44. Bf4 g5 45. Nxg5 Nxf2+ 46. Ke2 Ne4 47. Kf3 Nxg5+ 48. Bxg5 Kc4 49. Rc1 Rf8+ 50. Kg4 Rf2 51. Kh3 Rxa2 52. Rd1 c2 53. Re1 Ra3+ 54. Kg4 Rg3+ 55. Kxh4 Rxg2 56. Rf1 Kd3 57. Bc1 Ke2 58. Rf8 Rg1 59. Re8+ Kd1 60. Ba3 c1Q 61. Bxc1 Kxc1 62. Re4 Bf6+ 63. Kh5 Kd2 64. Rg4 Rf1 65. Kg6 Ke3 66. Kf7 Bg5+ 67. Ke6 Bf4 68. Kd5 Rd1+ 69. Kc4 Rd8 70. Rh4 Rd4+ 71. Kb5 Kd3 72. Rh3+ Ke4 73. Rh4 Kd5 74. Rh5+ Be5 75. Rh7 Rd1 76. Rb7 Bd6 77. Kb6 Rc1 78. Kb5 Bc7 79. Ka6 Kc6 80. Rb6+ Kd7 81. Rb3 Rc5 82. Rb5 Rc6+ 83. Kb7 Bd6 84. Rb6 Rc7+ 85. Ka6 Bc5 86. Rb7 1/2-1/2

[Event "Tatarstan-ch"]
[Site "Kazan"]
[Date "2016.09.21"]
[Round "6"]
[White "Vorobiev, Sergey"]
[Black "Sadykov, Mars"]
[Result "1-0"]
[WhiteElo "2036"]
[BlackElo "2049"]
[PlyCount "51"]
[EventDate "2016.09.16"]
[EventType "swiss"]
[EventRounds "9"]
[EventCountry "RUS"]
[SourceTitle "CBM 174 Extra"]
[Source "ChessBase"]
[SourceDate "2016.10.10"]
[SourceVersion "1"]
[SourceVersionDate "2016.10.10"]
[SourceQuality "1"]

1. d4 Nf6 2. Bf4 e6 3. e3 d5 4. Nf3 Be7 5. h3 0-0 6. Nbd2 b6 7. Ne5 Bb7 8. Bd3 c5 9. c3 Nc6 10. Qb1 h6 11. 0-0 Bd6 12. Bh2 Qc7 13. f4 Nd7 14. g4 a5 15. Rf2 Ba6 16. Bc2 Rac8 17. Ndf3 Ncxe5 18. dxe5 Be7 19. Qd1 Qc6 20. g5 hxg5 21. fxg5 g6 22. h4 Kg7 23. h5 gxh5 24. Nd4 Rh8 25. Nxc6 Rxc6 26. Qf3 1-0

[Event "Tatarstan-ch"]
[Site "Kazan"]
[Date "2016.09.19"]
[Round "4"]
[White "Makhmutov, Rail"]
[Black "Sadykov, Mars"]
[Result "1-0"]
[WhiteElo "2447"]
[BlackElo "2049"]
[PlyCount "65"]
[EventDate "2016.09.16"]
[EventType "swiss"]
[EventRounds "9"]
[EventCountry "RUS"]
[SourceTitle "CBM 174 Extra"]
[Source "ChessBase"]
[SourceDate "2016.10.10"]
[SourceVersion "1"]
[SourceVersionDate "2016.10.10"]
[SourceQuality "1"]

1. d4 d5 2. c4 e6 3. Nf3 Be7 4. g3 Nf6 5. Bg2 0-0 6. 0-0 Nbd7 7. Qc2 c6 8. Nbd2 Bd6 9. e4 dxe4 10. Nxe4 Nxe4 11. Qxe4 Re8 12. Ne5 Nxe5 13. dxe5 Bf8 14. Bf4 Qc7 15. Rfd1 Be7 16. h4 Rd8 17. h5 Bd7 18. c5 Be8 19. h6 g6 20. Qe3 b6 21. b4 bxc5 22. bxc5 Rxd1+ 23. Rxd1 Rb8 24. Bg5 Bf8 25. Qc3 Be7 26. Bxe7 Qxe7 27. Qe3 Rd8 28. Rd6 Rxd6 29. exd6 Qd7 30. Bxc6 Qxc6 31. Qe5 f6 32. Qxe6+ Bf7 33. Qxf6 1-0

[Event "Tatarstan-ch"]
[Site "Kazan"]
[Date "2016.09.18"]
[Round "3"]
[White "Sadykov, Mars"]
[Black "Setyukov, Radel"]
[Result "1-0"]
[WhiteElo "2049"]
[BlackElo "1786"]
[PlyCount "49"]
[EventDate "2016.09.16"]
[EventType "swiss"]
[EventRounds "9"]
[EventCountry "RUS"]
[SourceTitle "CBM 174 Extra"]
[Source "ChessBase"]
[SourceDate "2016.10.10"]
[SourceVersion "1"]
[SourceVersionDate "2016.10.10"]
[SourceQuality "1"]

1. Nf3 Nf6 2. c4 g6 3. d4 Bg7 4. Nc3 0-0 5. e3 c5 6. Be2 cxd4 7. exd4 e6 8. 0-0 d5 9. Bg5 dxc4 10. Bxc4 Qc7 11. Qe2 a6 12. Rac1 b5 13. Bb3 Qa5 14. Ne5 Ra7 15. Rfd1 b4 16. Na4 Nd5 17. Rc5 Qxc5 18. Nxc5 f6 19. Nxg6 hxg6 20. Bc1 Kf7 21. Re1 Rd8 22. Nxe6 Rd6 23. Nf4 Kg8 24. Qe8+ Kh7 25. Qxg6+ 1-0

[Event "Tatarstan-ch"]
[Site "Kazan"]
[Date "2016.09.16"]
[Round "1"]
[White "Sadykov, Mars"]
[Black "Afanasiev, Timofei"]
[Result "1-0"]
[WhiteElo "2049"]
[BlackElo "1443"]
[PlyCount "61"]
[EventDate "2016.09.16"]
[EventType "swiss"]
[EventRounds "9"]
[EventCountry "RUS"]
[SourceTitle "CBM 174 Extra"]
[Source "ChessBase"]
[SourceDate "2016.10.10"]
[SourceVersion "1"]
[SourceVersionDate "2016.10.10"]
[SourceQuality "1"]

1. Nf3 d5 2. c4 dxc4 3. Qa4+ c6 4. Qxc4 Nf6 5. d4 Bf5 6. e3 Nbd7 7. Bd3 Nb6 8. Qc2 Bxd3 9. Qxd3 Nbd5 10. 0-0 e6 11. Nc3 Bd6 12. e4 Nb4 13. Qe2 Bc7 14. a3 Na6 15. Bg5 Qd6 16. e5 Qe7 17. exf6 gxf6 18. Bh4 Rg8 19. Ne4 Rg6 20. Nxf6+ Rxf6 21. Ne5 0-0-0 22. Nxc6 Qd6 23. g3 Rf5 24. Bxd8 Bxd8 25. Nxd8 Kxd8 26. Rac1 Nc7 27. Qg4 Nd5 28. Qg8+ Ke7 29. Rc8 Nb6 30. Qf8+ Kd7 31. Qe8# 1-0

[Event "Nezhmetdinov Memorial 35th"]
[Site "Kazan"]
[Date "2013.06.08"]
[Round "9"]
[White "Sadykov, Mars"]
[Black "Matsenko, Elena"]
[Result "1-0"]
[WhiteElo "2113"]
[BlackElo "1966"]
[PlyCount "101"]
[EventDate "2013.05.31"]
[EventType "swiss"]
[EventRounds "9"]
[EventCountry "RUS"]
[SourceTitle "CBM 154 Extra"]
[Source "ChessBase"]
[SourceDate "2013.06.25"]
[SourceVersion "2"]
[SourceVersionDate "2013.06.25"]
[SourceQuality "1"]

1. Nf3 d5 2. d4 Nf6 3. Bg5 e6 4. e3 Be7 5. Bd3 Nbd7 6. Nbd2 c5 7. c3 0-0 8. 0-0 b6 9. Qe2 Bb7 10. Ba6 Bxa6 11. Qxa6 Qc7 12. Rfe1 Bd6 13. Qd3 c4 14. Qc2 b5 15. e4 dxe4 16. Nxe4 Nxe4 17. Qxe4 h6 18. Bh4 a5 19. a3 Rab8 20. Rad1 Rfc8 21. Bg3 Bxg3 22. hxg3 Nf6 23. Qe2 Nd5 24. Rc1 b4 25. cxb4 axb4 26. Ne5 bxa3 27. Rxc4 Qa7 28. bxa3 Qxa3 29. Rxc8+ Rxc8 30. Nxf7 Rc1 31. Nd8 Rxe1+ 32. Qxe1 Nc7 33. Qe5 Qe7 34. Nxe6 Nxe6 35. d5 Kf7 36. Qf5+ Qf6 37. dxe6+ Ke7 38. Qxf6+ Kxf6 39. Kh2 Kxe6 40. Kh3 Kf5 41. Kh4 g6 42. f3 Ke5 43. Kg4 Kf6 44. Kf4 h5 45. g4 g5+ 46. Ke4 hxg4 47. fxg4 Ke6 48. g3 Kf6 49. Kd5 Kf7 50. Ke5 Kg6 51. Ke6 1-0

[Event "Nezhmetdinov Memorial 35th"]
[Site "Kazan"]
[Date "2013.06.07"]
[Round "8"]
[White "Gubajdullin, Marsel"]
[Black "Sadykov, Mars"]
[Result "0-1"]
[WhiteElo "1936"]
[BlackElo "2113"]
[PlyCount "96"]
[EventDate "2013.05.31"]
[EventType "swiss"]
[EventRounds "9"]
[EventCountry "RUS"]
[SourceTitle "CBM 154 Extra"]
[Source "ChessBase"]
[SourceDate "2013.06.25"]
[SourceVersion "2"]
[SourceVersionDate "2013.06.25"]
[SourceQuality "1"]

1. d4 d5 2. e3 Bf5 3. Bd3 Bxd3 4. Qxd3 c6 5. c4 e6 6. Nc3 Nf6 7. Nf3 Bd6 8. b3 0-0 9. a4 Qe7 10. Ne5 a5 11. f4 Na6 12. c5 Bc7 13. 0-0 Nb4 14. Qb1 g6 15. Bd2 Kg7 16. Qd1 Ng8 17. Be1 Nh6 18. Nf3 f6 19. Bh4 Rae8 20. Qd2 Nf5 21. Bg3 Nxg3 22. hxg3 e5 23. Rae1 e4 24. Nh2 f5 25. Rb1 g5 26. Nd1 gxf4 27. gxf4 Kh8 28. Nb2 Rg8 29. Rf2 Rg6 30. Nf1 Reg8 31. g3 Rg4 32. Rg2 R8g6 33. Kf2 Qg7 34. Ke1 Kg8 35. Qf2 h5 36. Rd1 h4 37. Rd2 hxg3 38. Qg1 Kf7 39. Rde2 b6 40. cxb6 Bxb6 41. Rd2 c5 42. Kd1 cxd4 43. exd4 Rxf4 44. Ke1 Rf3 45. Nd1 f4 46. Qh1 Rh6 47. Qg1 Nd3+ 48. Ke2 Bxd4 0-1

[Event "Nezhmetdinov Memorial 35th"]
[Site "Kazan"]
[Date "2013.06.05"]
[Round "6"]
[White "Sadykov, Mars"]
[Black "Ospennikov, Dmitry V"]
[Result "0-1"]
[WhiteElo "2113"]
[BlackElo "2232"]
[PlyCount "126"]
[EventDate "2013.05.31"]
[EventType "swiss"]
[EventRounds "9"]
[EventCountry "RUS"]
[SourceTitle "CBM 154 Extra"]
[Source "ChessBase"]
[SourceDate "2013.06.25"]
[SourceVersion "2"]
[SourceVersionDate "2013.06.25"]
[SourceQuality "1"]

1. Nf3 Nf6 2. c4 g6 3. g3 Bg7 4. Bg2 0-0 5. 0-0 d5 6. cxd5 Nxd5 7. Nc3 Nc6 8. d4 Nb6 9. e3 e5 10. d5 Na5 11. e4 c6 12. dxc6 Nxc6 13. Bg5 Qxd1 14. Rfxd1 Bg4 15. h3 Bxf3 16. Bxf3 Nd4 17. Bg2 h6 18. Be7 Rfc8 19. Bf1 Nc4 20. Bxc4 Rxc4 21. Kg2 Rac8 22. Rd2 f6 23. Nd5 Kf7 24. b3 R4c6 25. Rad1 f5 26. f3 Ke6 27. g4 Bf8 28. Bxf8 Rxf8 29. Rf1 a5 30. h4 h5 31. g5 Rfc8 32. Rff2 Rd8 33. Nf6 f4 34. Nd5 Rxd5 35. exd5+ Kxd5 36. Rd3 b5 37. Rfd2 b4 38. Kf2 Rc3 39. Kg2 Kc5 40. Kf2 a4 41. Rd1 axb3 42. axb3 Rxb3 43. Rc1+ Kb5 44. Rxb3 Nxb3 45. Re1 Kc4 46. Rxe5 Nd4 47. Re1 b3 48. Rc1+ Nc2 49. Ke2 Kc3 50. Kd1 Kd3 51. Rb1 Ne3+ 52. Kc1 Kc3 53. Rb2 Nc4 54. Re2 Kd3 55. Rf2 Ke3 56. Rh2 Ne5 57. Kb2 Nxf3 58. Rh1 Nd4 59. Re1+ Ne2 60. Kxb3 f3 61. Kc2 f2 62. Ra1 Ng3 63. Ra3+ Kf4 0-1

[Event "Nezhmetdinov Memorial 35th"]
[Site "Kazan"]
[Date "2013.06.01"]
[Round "2"]
[White "Murtazin, Ruslan"]
[Black "Sadykov, Mars"]
[Result "0-1"]
[WhiteElo "1710"]
[BlackElo "2113"]
[PlyCount "102"]
[EventDate "2013.05.31"]
[EventType "swiss"]
[EventRounds "9"]
[EventCountry "RUS"]
[SourceTitle "CBM 154 Extra"]
[Source "ChessBase"]
[SourceDate "2013.06.25"]
[SourceVersion "2"]
[SourceVersionDate "2013.06.25"]
[SourceQuality "1"]

1. e4 e6 2. d4 d5 3. Nc3 dxe4 4. Nxe4 Bd7 5. Nf3 Bc6 6. Bd3 Nd7 7. 0-0 Be7 8. Re1 Ngf6 9. b3 Nxe4 10. Bxe4 Bxe4 11. Rxe4 0-0 12. Bb2 Bf6 13. c4 c5 14. Qc2 Qc7 15. Rd1 cxd4 16. Bxd4 Rfd8 17. g3 Rac8 18. Bxf6 Nxf6 19. Red4 Rxd4 20. Rxd4 h6 21. Qe2 a6 22. Qe5 Kf8 23. Kf1 Ke7 24. Ke2 Qxe5+ 25. Nxe5 Rc5 26. f4 Rc7 27. Kd3 Ne8 28. Kc3 g5 29. Kb4 f6 30. Nf3 b6 31. h4 gxf4 32. gxf4 Nd6 33. a4 Rc5 34. Rd1 Rf5 35. Nd4 a5+ 36. Kc3 Ne4+ 37. Kc2 Rxf4 38. Nc6+ Kf8 39. h5 Rf2+ 40. Kc1 Nc5 41. Rd8+ Kg7 42. Rb8 f5 43. Rxb6 f4 44. Nd4 Kf6 45. Rb8 Nd3+ 46. Kd1 Ke5 47. Nc2 Ke4 48. Rg8 Rh2 49. Rg6 e5 50. Rg1 f3 51. Rf1 Kf4 0-1

[Event "Tatarstan-ch"]
[Site "Kazan"]
[Date "2011.12.20"]
[Round "8.18"]
[White "Bakunina, Albina"]
[Black "Sadykov, Mars"]
[Result "1-0"]
[WhiteElo "1921"]
[BlackElo "2078"]
[PlyCount "93"]
[EventDate "2011.12.13"]
[EventType "swiss"]
[EventRounds "9"]
[EventCountry "RUS"]
[SourceTitle "EXT 2022"]
[Source "ChessBase"]
[SourceDate "2021.10.06"]
[SourceVersion "1"]
[SourceVersionDate "2021.10.06"]
[SourceQuality "1"]

1. d4 Nf6 2. c4 e6 3. Nc3 d5 4. Bg5 Be7 5. e3 0-0 6. cxd5 Nxd5 7. Bxe7 Qxe7 8. Nf3 Nxc3 9. bxc3 c5 10. Bd3 b6 11. Qb1 f5 12. e4 Bb7 13. 0-0 cxd4 14. Nxd4 Nd7 15. exf5 Qg5 16. f3 Qe3+ 17. Kh1 Nc5 18. Bc4 Bd5 19. Bxd5 exd5 20. Qc2 Rfe8 21. Rad1 Rad8 22. c4 dxc4 23. Qxc4+ Kf8 24. Nc2 Qe5 25. Rxd8 Rxd8 26. Qh4 Rd2 27. Nb4 Rd4 28. Nc6 Qe2 29. Qe1 Rd2 30. Qxe2 Rxe2 31. Nxa7 Rxa2 32. Nc6 Rb2 33. h4 b5 34. Rd1 Kf7 35. Kh2 Kf6 36. Kh3 h5 37. Rd6+ Kf7 38. Rd5 Rc2 39. Nd4 Nd3 40. Rxb5 Rc4 41. Ne2 Rc2 42. Nd4 Rc4 43. Ne6 Nf2+ 44. Kh2 Nd3 45. Ng5+ Ke7 46. Rb7+ Ke8 47. Kg3 1-0

[Event "Tatarstan-ch"]
[Site "Kazan"]
[Date "2011.12.16"]
[Round "4.22"]
[White "Belskiy, Artem"]
[Black "Sadykov, Mars"]
[Result "0-1"]
[WhiteElo "1691"]
[BlackElo "2078"]
[PlyCount "105"]
[EventDate "2011.12.13"]
[EventType "swiss"]
[EventRounds "9"]
[EventCountry "RUS"]
[SourceTitle "EXT 2022"]
[Source "ChessBase"]
[SourceDate "2021.10.06"]
[SourceVersion "1"]
[SourceVersionDate "2021.10.06"]
[SourceQuality "1"]

1. d4 d5 2. c4 e6 3. Nc3 Be7 4. cxd5 exd5 5. Qc2 Nf6 6. Bg5 0-0 7. e3 c6 8. Bd3 Nbd7 9. Nf3 Re8 10. 0-0 Nf8 11. h3 Ne4 12. Bxe7 Qxe7 13. Rae1 Ng6 14. Bxe4 dxe4 15. Nd2 f5 16. f3 exf3 17. Nxf3 Be6 18. Na4 Rad8 19. Nc5 Bc8 20. Nd3 Qd6 21. Nde5 Nxe5 22. Nxe5 c5 23. Rd1 cxd4 24. exd4 Be6 25. Kh1 g6 26. a3 Bd5 27. Qf2 Qb6 28. Rfe1 Re6 29. Qh4 Red6 30. Nf3 R6d7 31. Ne5 Qxb2 32. Qg3 Rg7 33. Qg5 Rf8 34. Qd2 Qxa3 35. Ra1 Qxh3+ 36. Kg1 Qg3 37. Rxa7 f4 38. Qf2 Qc3 39. Rea1 g5 40. Ra8 Rc7 41. Kh2 Rcc8 42. R8a3 Qc2 43. Qf1 f3 44. Nxf3 g4 45. Qb5 Qf5 46. Ne5 Qe4 47. Rg3 h5 48. Qd7 Rc2 49. Rg1 Qxd4 50. Nxg4 Kh8 51. Nh6 Qh4+ 52. Rh3 Qf4+ 53. Kh1 0-1

[Event "RUS-ch Seniors"]
[Site "Odintsovo"]
[Date "2011.04.19"]
[Round "1"]
[White "Bojarinov, Victor A"]
[Black "Sadykov, Mars"]
[Result "1-0"]
[WhiteElo "2311"]
[BlackElo "2091"]
[PlyCount "79"]
[EventDate "2011.04.19"]
[EventType "swiss"]
[EventRounds "9"]
[EventCountry "RUS"]
[SourceTitle "CBM 142 Extra"]
[Source "ChessBase"]
[SourceDate "2011.06.27"]
[SourceVersion "1"]
[SourceVersionDate "2011.06.27"]
[SourceQuality "1"]

1. e4 c6 2. d4 d5 3. e5 Bf5 4. Nf3 e6 5. Be2 c5 6. c4 Nc6 7. cxd5 exd5 8. 0-0 c4 9. b3 cxb3 10. Qxb3 Qd7 11. Nc3 Be6 12. Rb1 Rb8 13. Nb5 a6 14. Nd6+ Bxd6 15. exd6 Qxd6 16. g3 Qd7 17. Bf4 Ra8 18. Qxb7 Qxb7 19. Rxb7 Na5 20. Rc7 Nf6 21. Bd6 Ne4 22. Bb4 Nc4 23. Bxc4 dxc4 24. Re1 a5 25. Ba3 Kd8 26. Re7 Nc3 27. Ne5 Nxa2 28. d5 Nb4 29. Bxb4 axb4 30. Nc6+ Kc8 31. dxe6 b3 32. Na7+ Kb8 33. exf7 b2 34. R7e2 c3 35. Nb5 Ra1 36. Nxc3 Kc7 37. Rb1 Rf8 38. Rexb2 Rxb1+ 39. Rxb1 Rxf7 40. f4 1-0

[Event "Kazan op"]
[Site "Kazan"]
[Date "2010.11.28"]
[Round "6"]
[White "Rukshin, Sergey"]
[Black "Sadykov, Mars"]
[Result "1-0"]
[WhiteElo "2079"]
[BlackElo "2098"]
[PlyCount "127"]
[EventDate "2010.11.22"]
[EventType "swiss"]
[EventRounds "9"]
[EventCountry "RUS"]
[SourceTitle "CBM 139 Extra"]
[Source "ChessBase"]
[SourceDate "2011.01.05"]
[SourceVersion "1"]
[SourceVersionDate "2011.01.05"]
[SourceQuality "1"]

1. Nf3 Nf6 2. c4 g6 3. g3 Bg7 4. Bg2 0-0 5. Nc3 d6 6. 0-0 e5 7. d4 Nbd7 8. e4 Re8 9. Re1 exd4 10. Nxd4 Ne5 11. b3 Bg4 12. f3 Bd7 13. Be3 Qc8 14. Rc1 Bh3 15. Qd2 Bxg2 16. Kxg2 c6 17. h3 Qc7 18. Qc2 Rad8 19. f4 Ned7 20. Nf3 Re7 21. Bd4 Rde8 22. c5 dxc5 23. Bxf6 Bxf6 24. e5 Bg7 25. Ne4 b6 26. Nd6 Rf8 27. Ng5 Nxe5 28. fxe5 Bxe5 29. Nde4 Rfe8 30. g4 f5 31. Nf2 Bf4 32. Qc4+ Kf8 33. Ne6+ Rxe6 34. Rxe6 Rxe6 35. Qxe6 Bxc1 36. gxf5 gxf5 37. Qxf5+ Qf7 38. Qc8+ Kg7 39. Qxc6 Qg6+ 40. Qxg6+ hxg6 41. Nd3 Be3 42. Kf3 Bd4 43. a4 Kf6 44. Kg4 Be3 45. Kf3 Bh6 46. a5 Bd2 47. a6 Kf5 48. Nf2 b5 49. Ne4 Ba5 50. Nd6+ Ke5 51. Nc8 c4 52. bxc4 bxc4 53. Nxa7 Bb6 54. Nc6+ Kf5 55. a7 Bxa7 56. Nxa7 c3 57. Nb5 c2 58. Nd4+ Kg5 59. Nxc2 Kh4 60. Kg2 Kg5 61. Kg3 Kh5 62. Nd4 Kg5 63. Nf3+ Kf5 64. h4 1-0

[Event "Kazan op"]
[Site "Kazan"]
[Date "2010.11.27"]
[Round "5"]
[White "Sadykov, Mars"]
[Black "Ospennikov, Dmitry V"]
[Result "0-1"]
[WhiteElo "2098"]
[BlackElo "2225"]
[PlyCount "114"]
[EventDate "2010.11.22"]
[EventType "swiss"]
[EventRounds "9"]
[EventCountry "RUS"]
[SourceTitle "CBM 139 Extra"]
[Source "ChessBase"]
[SourceDate "2011.01.05"]
[SourceVersion "1"]
[SourceVersionDate "2011.01.05"]
[SourceQuality "1"]

1. d4 Nf6 2. c4 g6 3. Nc3 d5 4. cxd5 Nxd5 5. e4 Nxc3 6. bxc3 Bg7 7. Nf3 c5 8. Be3 0-0 9. Qd2 Qa5 10. Rd1 Nc6 11. Be2 Rd8 12. 0-0 Bg4 13. Qb2 Rd7 14. e5 cxd4 15. cxd4 Rad8 16. h3 Be6 17. Rd2 h6 18. Rfd1 Kh7 19. Rc1 a6 20. Rc5 Qb4 21. Bxa6 Qxb2 22. Rxb2 Nxe5 23. Nxe5 Bxe5 24. Rxb7 Rxb7 25. Bxb7 Bd6 26. Rc2 Rb8 27. Be4 f5 28. Bd3 Rb1+ 29. Rc1 Rb4 30. d5 Bxd5 31. Bc5 Bxc5 32. Rxc5 Rd4 33. Bb5 Bxa2 34. Rc7 Re4 35. f3 Re5 36. Bc4 Bb1 37. f4 Re3 38. Kf2 Re4 39. Bd5 Rxf4+ 40. Kg3 g5 41. Rxe7+ Kg6 42. Re6+ Kg7 43. Re7+ Kf8 44. Rf7+ Ke8 45. Rh7 Rh4 46. Ra7 Rd4 47. Bf3 Kf8 48. Kf2 f4 49. Ba8 Bg6 50. Bf3 Bf7 51. Ke1 Rd3 52. Be2 Re3 53. Kf2 Bd5 54. Bg4 Rg3 55. Rh7 Rxg2+ 56. Kf1 f3 57. Rxh6 Bc4+ 0-1

[Event "PriFR-ch Seniors"]
[Site "Izhevsk"]
[Date "2010.03.20"]
[Round "8"]
[White "Sadykov, Mars"]
[Black "Vasjukov, Alexander"]
[Result "0-1"]
[WhiteElo "2108"]
[BlackElo "2137"]
[PlyCount "79"]
[EventDate "2010.03.13"]
[EventType "swiss"]
[EventRounds "9"]
[EventCountry "RUS"]
[SourceTitle "EXT 2012"]
[Source "ChessBase"]
[SourceDate "2011.11.24"]
[SourceVersion "1"]
[SourceVersionDate "2011.11.24"]
[SourceQuality "1"]

1. Nf3 d5 2. b3 Bf5 3. Bb2 e6 4. e3 Nf6 5. c4 c6 6. Be2 h6 7. 0-0 Nbd7 8. d3 Be7 9. Nc3 0-0 10. a4 a5 11. cxd5 exd5 12. e4 dxe4 13. dxe4 Nxe4 14. Nxe4 Bxe4 15. Qd4 Nf6 16. Qe3 Bh7 17. Ne5 Nd5 18. Qg3 Bd6 19. f4 f6 20. Ng4 Kh8 21. Bc4 h5 22. Bxd5 Bc5+ 23. Kh1 Qxd5 24. Rad1 Qf7 25. Nf2 Bc2 26. Rc1 Bxf2 27. Rxf2 Bxb3 28. f5 Rfe8 29. Qh4 Bd5 30. Kg1 Re4 31. Rf4 Rae8 32. Rcf1 Kg8 33. Bc3 b6 34. Rxe4 Rxe4 35. Qf2 Rg4 36. g3 h4 37. Qxb6 Kh7 38. Qb8 hxg3 39. hxg3 Qh5 40. Be1 0-1

[Event "PriFR-ch Seniors"]
[Site "Izhevsk"]
[Date "2010.03.17"]
[Round "5"]
[White "Sadykov, Mars"]
[Black "Lykov, Sergey"]
[Result "0-1"]
[WhiteElo "2108"]
[BlackElo "2211"]
[PlyCount "101"]
[EventDate "2010.03.13"]
[EventType "swiss"]
[EventRounds "9"]
[EventCountry "RUS"]
[SourceTitle "EXT 2012"]
[Source "ChessBase"]
[SourceDate "2011.11.24"]
[SourceVersion "1"]
[SourceVersionDate "2011.11.24"]
[SourceQuality "1"]

1. Nf3 g6 2. g3 Bg7 3. Bg2 Nf6 4. 0-0 0-0 5. c4 d6 6. Nc3 e5 7. d3 h6 8. Bd2 Nc6 9. Rb1 a5 10. a3 Nh5 11. b4 axb4 12. axb4 f5 13. Nd5 Ne7 14. Nh4 Kh7 15. b5 Nf6 16. Nxf6+ Bxf6 17. Qc2 g5 18. Nf3 Ng6 19. Bc3 Qe7 20. Nd2 Qg7 21. Ra1 Rb8 22. Ra7 h5 23. b6 c5 24. Rfa1 h4 25. e3 Rg8 26. Bd5 Rh8 27. Ra8 Rxa8 28. Rxa8 Ne7 29. Bg2 Kg6 30. f4 exf4 31. Bxf6 Qxf6 32. gxf4 gxf4 33. e4 Qd4+ 34. Kf1 h3 35. Bh1 Nc6 36. Nf3 Qe3 37. Rxc8 Rxc8 38. Nh4+ Kg5 39. Nxf5 Nd4 40. Nxe3 Nxc2 41. Nxc2 Rc6 42. Na3 Rxb6 43. Nb5 Ra6 44. Bf3 Ra2 45. Nxd6 Rxh2 46. Nxb7 Kh4 47. Nd6 Kg3 48. Bd1 Rh1+ 49. Ke2 Rxd1 50. Nf5+ Kg4 51. Kxd1 0-1

[Event "PriFR-ch Seniors"]
[Site "Izhevsk"]
[Date "2010.03.16"]
[Round "4"]
[White "Ogorodov, Petr"]
[Black "Sadykov, Mars"]
[Result "0-1"]
[WhiteElo "2047"]
[BlackElo "2108"]
[PlyCount "134"]
[EventDate "2010.03.13"]
[EventType "swiss"]
[EventRounds "9"]
[EventCountry "RUS"]
[SourceTitle "EXT 2012"]
[Source "ChessBase"]
[SourceDate "2011.11.24"]
[SourceVersion "1"]
[SourceVersionDate "2011.11.24"]
[SourceQuality "1"]

1. Nf3 Nf6 2. b3 d5 3. Bb2 e6 4. e3 Be7 5. Be2 0-0 6. 0-0 c5 7. d4 cxd4 8. exd4 b6 9. Nbd2 Ba6 10. Rc1 Bxe2 11. Qxe2 Bd6 12. Ne5 Nfd7 13. f4 Qe7 14. Ndf3 f6 15. Nd3 Nc6 16. c4 dxc4 17. Rxc4 Na5 18. Rc2 Rac8 19. Rfc1 Rxc2 20. Rxc2 Rd8 21. Nd2 Nf8 22. Ne4 Bb8 23. g3 Qd7 24. Nd2 Nc6 25. Nf3 Bd6 26. Qe4 Ne7 27. Nc1 Nd5 28. Nd3 Qb5 29. Qe2 Nb4 30. Nxb4 Qxe2 31. Rxe2 Bxb4 32. Rc2 Rd7 33. Rc6 Kf7 34. Rc2 Ng6 35. Kf2 Ne7 36. Ke2 h6 37. a3 Bd6 38. b4 b5 39. Ne1 g5 40. fxg5 hxg5 41. Nd3 Nd5 42. Nc5 Re7 43. Ne4 Bc7 44. Kf3 Kg6 45. Bc1 g4+ 46. Kg2 Bb6 47. Nc5 f5 48. Re2 Kf6 49. Bb2 f4 50. Kg1 f3 51. Re4 Bc7 52. Rxg4 Ne3 53. Re4 f2+ 54. Kxf2 Nd1+ 55. Kf3 Nxb2 56. h4 Nc4 57. Re2 e5 58. d5 Nd6 59. Ne4+ Nxe4 60. Kxe4 Rg7 61. Rc2 Bd6 62. Rf2+ Ke7 63. Rf3 Rg8 64. h5 Rg5 65. h6 Rh5 66. g4 Rxh6 67. Rg3 Rf6 0-1

[Event "Kazan-ch op 85th"]
[Site "Kazan"]
[Date "2008.12.04"]
[Round "10"]
[White "Zakirov, Daniil"]
[Black "Sadykov, Mars"]
[Result "1/2-1/2"]
[WhiteElo "1916"]
[BlackElo "2121"]
[PlyCount "73"]
[EventDate "2008.11.22"]
[EventType "swiss"]
[EventRounds "11"]
[EventCountry "RUS"]
[SourceTitle "EXT 2022"]
[Source "ChessBase"]
[SourceDate "2021.10.06"]
[SourceVersion "1"]
[SourceVersionDate "2021.10.06"]
[SourceQuality "1"]

1. d4 Nf6 2. c4 e6 3. Nf3 b6 4. e3 Bb7 5. Be2 Be7 6. 0-0 0-0 7. b3 d5 8. Bb2 Nbd7 9. Nc3 Ne4 10. Qc2 f5 11. Rac1 c6 12. Ne1 Ndf6 13. Nd3 Rc8 14. f3 Nxc3 15. Qxc3 Bd6 16. c5 Bb8 17. b4 b5 18. a4 a6 19. axb5 axb5 20. Qb3 Qc7 21. Ne5 Nd7 22. f4 Nxe5 23. dxe5 Qe7 24. Bc3 g5 25. h3 Rf7 26. g3 Rg7 27. Be1 Kh8 28. Kh2 Rcg8 29. Rg1 Bc8 30. Bf2 Qf7 31. Qd1 Bd7 32. Qd2 Bc7 33. Ra1 Bd8 34. Ra7 Qg6 35. Qd3 Be8 36. Rxg7 Rxg7 37. Qd4 1/2-1/2

[Event "Kazan City-ch"]
[Site "Kazan"]
[Date "2007.12.04"]
[Round "6"]
[White "Sadykov, Mars"]
[Black "Kotov, Ivan F"]
[Result "0-1"]
[WhiteElo "2140"]
[BlackElo "2309"]
[PlyCount "92"]
[EventDate "2007.11.24"]
[EventType "swiss"]
[EventRounds "11"]
[EventCountry "RUS"]
[SourceTitle "EXT 2009"]
[Source "ChessBase"]
[SourceDate "2008.11.26"]
[SourceVersion "1"]
[SourceVersionDate "2008.11.26"]
[SourceQuality "1"]

1. Nf3 Nf6 2. c4 g6 3. g3 Bg7 4. Bg2 0-0 5. 0-0 d6 6. Nc3 e5 7. d4 Nbd7 8. Qc2 c6 9. d5 c5 10. a3 h6 11. Rb1 Re8 12. e4 b6 13. Ne1 Nf8 14. Nd3 g5 15. b4 Ba6 16. Nb5 Re7 17. Bd2 Ne8 18. Qa4 Bc8 19. bxc5 dxc5 20. Qb3 a6 21. Nc3 Nd6 22. f4 exf4 23. gxf4 Bd4+ 24. Kh1 b5 25. Ne5 Bxe5 26. fxe5 Nxc4 27. Bc1 Nxe5 28. Ne2 Qd6 29. Ng3 c4 30. Qc3 Bg4 31. Bb2 Nh7 32. Rf5 f6 33. h3 Bxf5 34. Nxf5 Qc5 35. Nxh6+ Kf8 36. Nf5 Rf7 37. Qg3 Re8 38. Bd4 Qc7 39. a4 Nd3 40. d6 Qd7 41. axb5 axb5 42. h4 b4 43. Bf3 c3 44. Bd1 Rxe4 45. Qxd3 Qxf5 46. Bc2 Rxh4+ 0-1